000 01077nam a22002657a 4500
005 20170124102956.0
010 _aB-068540
020 _c120.00
_a8171829635
035 _aB-068540
037 _bCen Lib/Ret
040 _aDPL
_bHN
082 _a821
_bअशोक
100 _aअशोक चक्रधर
_9210
245 _aबोलगप्पे /
_cअशोक चक्रधर
246 _aBolgappe
_bby Ashok Chakardhar
260 _a नई दिल्ली
_bडायमंड पब्लिकेशन
_c2002
270 _aएक्स -30,ओखला इंडस्ट्रियल एरिया फेज -2
_bनई दिल्ली
_e110020
300 _a160पृष्ठ. :
_c21सेमी(सजिल्द)
_bचित्र.
650 _aहिंदी साहित्य
_953277
650 _aहिंदी कविता -हास्य
_95559
650 _aHindi Literature
_953278
650 _aHindi poetry Comedy
_953279
700 _953253
942 _2ddc
_cHN
_h821
_mअशोक
999 _c113659
_d113659